000 01163nam a22003257a 4500
003 CHAP
005 20220817044311.0
008 091109s197- mx r 00010 spa d
010 _a97040
011 _a98012
035 _a108687
040 _cCHAP
090 _aFolleto 17453
110 2 _aInstituto Nacional de Inseminación Artificial y Reproducción Animal. México
_959311
245 1 0 _aGanado suizo :
_bleche y carne
_c/por Instituto Nacional de Inseminación Artificial y Reproducción Animal
260 _aMéxico :
_bSecretaría de Agricultura y Ganadería,
_c[197-]
300 _aHoja desplegable
590 _aBATCH-UPD
_b10
_c20130110
_lUCH01
_h1225
590 _aBATCH-UPD
_b10
_c20130410
_lUCH01
_h0758
590 _aBATCH-UPD
_b10
_c20130914
_lUCH01
_h0848
590 _aCONVERSION
_b10
_c20130109
_lUCH01
_h1354
650 1 4 _aCarne
_xProducción.
_919109
650 1 4 _aGanado Pardo Suizo.
650 1 4 _aGanado vacuno
_xCruzas.
_945452
650 1 4 _aLeche
_xProducción.
_965400
710 2 _aSecretaría de Agrucultura y Ganadería.
_9103543
901 _aBK
942 _cFOLL
949 _aFolleto 17453
_bBC
_cFOLL
_d33724002136306
_eTS1
_i108687
_st
999 _c97040
_d97040